LEADER 00908nam0-22002891i-4500 001 990000722210403321 005 20161124130021.0 035 $a000072221 035 $aFED01000072221 035 $a(Aleph)000072221FED01 035 $a000072221 100 $a20001010d1976----km-y0itay50------ba 101 0 $aita 102 $aIT 105 $ay-------001yy 200 1 $aIndagine sul sottosuolo napoletano$econtributo alla divulgazione del problema nei suoi aspetti urbanistici ed edilizi, 1961-1963$fRoberto Di Stefano 210 $aNapoli$cL'Arte Tipografica$d1976 215 $a56 p.$d25 cm 700 1$aDi Stefano,$bRoberto$f<1926-2005>$010391 801 0$aIT$bUNINA$gRICA$2UNIMARC 901 $aBK 912 $a990000722210403321 952 $aSEZ.NA B 378$b11776$fFARBC 952 $aINU B 385$b557$fFARBC 959 $aFARBC 996 $aIndagine sul sottosuolo napoletano$9323497 997 $aUNINA